Biggest Cities in Tennessee on a Map - Statistics

General Stats
  • This quiz has been taken 921 times
  • The average score is 7 of 10
Answers on the Map
Answers color-coded by a green-red scale on the quiz's map according to % correct below.
 
Answer Stats
Population City % Correct
651,073 Memphis
100%
670,820 Nashville
99%
187,603 Knoxville
91%
182,799 Chattanooga
88%
146,900 Murfreesboro
66%
158,146 Clarksville
63%
66,906 Johnson City
54%
83,097 Franklin
51%
67,191 Jackson
47%
59,440 Bartlett
26%
No matching quizzes found
Score Distribution
Percent of People with Each Score
Percentile by Number Answered
Your Score History
You have not taken this quiz